Catálogo
 En Linea

A Winnipeg childhood / (Registro nro. 1940)

Detalles MARC
000 -CABECERA
campo de control de longitud fija 00519cam a2200181 a 4500
001 - NÚMERO DE CONTROL
campo de control 000002079
005 - FECHA Y HORA DE LA ÚLTIMA TRANSACCIÓN
campo de control 20200929145826.0
008 - DATOS DE LONGITUD FIJA--INFORMACIÓN GENERAL
campo de control de longitud fija 740627s1973 mbc 000 1 eng
020 ## - NÚMERO INTERNACIONAL ESTÁNDAR DEL LIBRO
Número Internacional Estándar del Libro 0919566219
040 ## - FUENTE DE LA CATALOGACIÓN
Centro catalogador/agencia de origen DO-SdBNP
Lengua de catalogación spa
Centro/agencia transcriptor BNPHU
082 ## - NÚMERO DE LA CLASIFICACIÓN DECIMAL DEWEY
Número de clasificación xxxx
Número de documento/Ítem L785w
100 1# - ENTRADA PRINCIPAL--NOMBRE DE PERSONA
Nombre de persona Livesay, Dorothy,
Fechas asociadas al nombre 1909-
9 (RLIN) 6691
245 10 - MENCIÓN DE TÍTULO
Título A Winnipeg childhood /
Mención de responsabilidad, etc. Dorothy Livesay.
260 ## - PUBLICACIÓN, DISTRIBUCIÓN, ETC.
Lugar de publicación, distribución, etc. Canada :
Nombre del editor, distribuidor, etc. Peguis,
Fecha de publicación, distribución, etc. 1973.
300 ## - DESCRIPCIÓN FÍSICA
Extensión 105 p. ;
Dimensiones 24 cm.
590 ## - NOTA LOCAL (RLIN)
Nota local Inventariado, 2019/BT
651 #4 - PUNTO DE ACCESO ADICIONAL DE MATERIA--NOMBRE GEOGRÁFICO
Nombre geográfico Winnipeg (Man.{Rpara}
Subdivisión general Fiction.
9 (RLIN) 6692
Existencias
Estado de retiro Estado de pérdida Restricciones de uso No para préstamo Código de colección Localización permanente Ubicación/localización actual Ubicación en estantería Fecha de adquisición Número de inventario Total de préstamos Signatura topográfica completa Código de barras Fecha visto por última vez Precio válido a partir de Tipo de ítem Koha
    Préstamo interno   Monografías: Libros y Folletos General General Depósito 22.09.2009 LF1   xxxx L785w 2079-10 25.06.2020 25.06.2020 Préstamo interno

Con tecnología Koha